Heating handbook
The book gives every aspect of efficiently heating homes - weather it's selecting the right equipment and keeping it running smoothly, or tackling commonly encoutered problems with heat pumps and boilers.
Đã lưu trong:
| 主要作者: | |
|---|---|
| 格式: | 圖書 |
| 語言: | Undetermined |
| 出版: |
New York
McGraw-Hill
1999
|
| 主題: | |
| 標簽: |
添加標簽
沒有標簽, 成為第一個標記此記錄!
|
| Thư viện lưu trữ: | Trung tâm Học liệu Trường Đại học Cần Thơ |
|---|
| LEADER | 00730nam a2200217Ia 4500 | ||
|---|---|---|---|
| 001 | CTU_37722 | ||
| 008 | 210402s9999 xx 000 0 und d | ||
| 020 | |b 559.000đ | ||
| 082 | |a 697 | ||
| 082 | |b P888 | ||
| 100 | |a Powers, Chase | ||
| 245 | 0 | |a Heating handbook | |
| 245 | 0 | |c Chase Powers | |
| 260 | |a New York | ||
| 260 | |b McGraw-Hill | ||
| 260 | |c 1999 | ||
| 520 | |a The book gives every aspect of efficiently heating homes - weather it's selecting the right equipment and keeping it running smoothly, or tackling commonly encoutered problems with heat pumps and boilers. | ||
| 650 | |a Heating | ||
| 650 | |x Handbooks, manuals, etc | ||
| 904 | |i Minh, Năm | ||
| 980 | |a Trung tâm Học liệu Trường Đại học Cần Thơ | ||